Statistics for Taiwan Country Quiz

Click here to take the quiz!

General Stats

  • This quiz has been taken 445 times
    (376 since last reset)
  • The average score is 12 of 20

Answer Stats

HintAnswer% Correct
Capital cityTaipei
98%
35% practice this religion ...Buddhism
92%
Country that invaded in 1895Japan
84%
Official name of TaiwanRepublic of China
77%
Most popular sportBaseball
72%
Sea between Taiwan and VietnamSouth China Sea
71%
Chinese dynasty that annexed
Taiwan in 1683
Qing
65%
Group of vibrant economies Taiwan
is part of with Hong Kong,
South Korea and Singapore
Four Asian
{Tigers}
64%
Dominant ethnic groupHan Chinese
64%
CurrencyNew Taiwan Dollar
63%
Also known as "pearl milk tea"{Bubble} Tea
62%
Name given to Taiwan by
the Europeans
Formosa
59%
... and 33% practice this oneTaoism
58%
Generalissimo who established
Taiwan after fleeing mainland
{Chiang} Kai-shek
56%
Sea between Taiwan and KoreaEast China Sea
51%
Dialect known as TaiwaneseMin Nan
51%
First leader of the above{Sun} Yat-sen
48%
President of Taiwan since 2016{Tsai} Ing-wen
43%
Second biggest cityKaohsiung
36%
English name of "Kuomintang"Nationalist Party
26%

Score Distribution

Percentile by Number Answered

Percent of People with Each Score

Your Score History

You have not taken this quiz since the last reset